00350pab a2200133 454500008004000000100002200040245005800062260000900120300001300129362000800142650002800150700002200178773001600200180718b2013 xxu||||| |||| 00| 0 eng d aPrasad, Dasharath aIncreasing agricultural productivity in rainfed areas c2013 ap.17-22. aJun aAgricultural production aPrasad, Heerendra aKurukshetra